Načítá se...

Chakram

Podrobná bibliografie
Hlavní autor: Menon, M M
Médium: Printed Book
Vydáno: Kottayam, NBS 1987
LEADER 003480000a22001210004500
040 |a MAL 
082 |a A3 MEN/C M7 
100 |a Menon, M M 
245 |a Chakram 
260 |a Kottayam, NBS 
260 |c 1987 
999 |c 22204  |d 22204 
952 |0 0  |1 0  |4 0  |6 A_000000000000000_3_MENC_M7  |7 0  |8 MAL  |9 22022  |a MGUL  |b MGUL  |d 2013-07-16  |l 0  |o A3 MEN/C M7  |p 17624  |r 2013-07-16  |w 2013-07-16  |y BK